000 00606nam a2200241Ia 4500
003 OSt
005 20220912145745.0
006 a|||||r|||| 00| 0
007 ta
008 220909b |||||||| |||| 00| 0 eng d
024 _a75124
037 _cTextual
040 _aCSL
_beng
_cCSL
041 _aeng
082 _aL185:4:4:C5, G6 CL
100 _aRabkin E B
245 0 _aPoly chromatic plates for color sense examination
260 _c1936
300 _ap.
_ccm.
650 _aMedicine
942 _hL185:4:4:C5, G6 CL
_cTEXL
_2CC
999 _c37670
_d37670